LIBRARY ONLINE CATALOGUE

The Christ of the prophets / (Record no. 9952)

MARC details
000 -LEADER
fixed length control field 00656nam a22002292 4500
001 - CONTROL NUMBER
control field 0000023738
003 - CONTROL NUMBER IDENTIFIER
control field OSt
005 - DATE AND TIME OF LATEST TRANSACTION
control field 20250217122228.0
008 - FIXED-LENGTH DATA ELEMENTS--GENERAL INFORMATION
fixed length control field 130320s xx 000 0 eng d
020 ## - INTERNATIONAL STANDARD BOOK NUMBER
International Standard Book Number 0875525644 :
040 ## - CATALOGING SOURCE
Original cataloging agency KABU
Transcribing agency KABU
100 1# - MAIN ENTRY--PERSONAL NAME
Personal name Robertson, O. Palmer.
245 14 - TITLE STATEMENT
Title The Christ of the prophets /
Statement of responsibility, etc. O. Palmer Robertson.
250 ## - EDITION STATEMENT
Edition statement 1st ed.
260 ## - PUBLICATION, DISTRIBUTION, ETC. (IMPRINT)
Place of publication, distribution, etc. Phillipsburg :
Name of publisher, distributor, etc. P&R,
Date of publication, distribution, etc. 2004.
300 ## - PHYSICAL DESCRIPTION
Extent xvi, 553 p.
650 #0 - SUBJECT ADDED ENTRY--TOPICAL TERM
Topical term or geographic name as entry element Bible O. T. prophets
General subdivision criticism, interpretation, etc.
650 #0 - SUBJECT ADDED ENTRY--TOPICAL TERM
Topical term or geographic name as entry element Prophets
General subdivision biblical teaching.
908 ## - PUT COMMAND PARAMETER (RLIN)
Put command parameter 130320
942 ## - ADDED ENTRY ELEMENTS (KOHA)
Source of classification or shelving scheme Library of Congress Classification
Koha item type General Collection
Holdings
Withdrawn status Lost status Source of classification or shelving scheme Not for loan Home library Current library Date acquired Total Checkouts Full call number Barcode Date last seen Date last checked out Price effective from Koha item type
    Library of Congress Classification   Kabarak, Main Campus Kabarak, Main Campus 17/12/2015 3 BS1505.52 .R63 2004 c.1 014731 02/08/2024 20/11/2022 17/12/2015 General Collection